Financial Health of the Slovak Transportation Companies

Gespeichert in:
Bibliographische Detailangaben
1. Verfasser: Jančovičová Bognárová, Kristína, 1979-
Weitere Verfasser: Doša, David
Format: Buchkapitel
Sprache:Englisch
Schlagworte:
Tags: Tag hinzufügen
Keine Tags, Fügen Sie das erste Tag hinzu!

MARC

LEADER 00000naa$a2200000$$$4500
001 0312887
005 20251020131814.8
041 0 |a eng 
044 |a HU 
245 1 0 |a Financial Health of the Slovak Transportation Companies  |c Kristína Jančovičová Bognárová, David Doša 
500 |a Abstrakt 
610 2 0 |a spoločnosti dopravné 
610 2 0 |a analýza finančná 
610 2 0 |a zisk 
610 2 0 |a zdravie podniku finančné 
610 2 0 |a ukazovatele finančné 
100 1 |a Jančovičová Bognárová, Kristína, 1979- 
700 1 |a Doša, David